Η συνάρτησις ex : εν τη σπουδή των φυσικοχημικών φαινομένων στοιχειώδης ερμηνεία

Αποθηκεύτηκε σε:
Λεπτομέρειες βιβλιογραφικής εγγραφής
Κύριος συγγραφέας: Γρίβας, Γεώργιος Ι.
Μορφή: Βιβλίο
Γλώσσα:Greek
Δημοσίευση: Αθήναι : Γιόβας, 1955
Θέματα:
Ετικέτες: Προσθήκη ετικέτας
Δεν υπάρχουν, Καταχωρήστε ετικέτα πρώτοι!

MARC

LEADER 00000cam a2200000 i 4500
001 1/26725
008 981217s1955 gre d
035 |l 10037651 
040 |a GR-MY-UA  |b gre  |e aacr 
041 0 |a gre 
082 0 |a 510.2454 
100 1 |a Γρίβας, Γεώργιος Ι. 
245 1 2 |a Η συνάρτησις ex :  |b εν τη σπουδή των φυσικοχημικών φαινομένων στοιχειώδης ερμηνεία /  |c Γεώργιος Ι. Γρίβας 
260 |a Αθήναι :   |b Γιόβας,   |c 1955 
300 |a 30 σ.;  |c 22 cm 
500 |a Διά τους ασχολούμενους με τας θετικάς επιστήμας 
650 0 0 |a Chemistry  |x Mathematics. 
650 0 0 |a Mathematical physics. 
852 |a INST  |b CHIOS  |e 19981217  |h 510.2454 ΓΡΙ  |p 005200015174  |q 005200015174  |t BK  |y 0 
901 |a BIBL-1998-3 
909 |a Χ  |b 055145 
970 |z 2000/08/ΔΕΜΕΝΑΓΑΣ